| 000 | 00850nam a22002415i 4500 | ||
|---|---|---|---|
| 001 | 175177 | ||
| 003 | ES-MaACL | ||
| 005 | 20250812024704.0 | ||
| 008 | 101013s1961 sp ab |||| | spa d | ||
| 080 | _a7(54) | ||
| 100 | 0 |
_aGoetz, Hermann. _9143558 |
|
| 245 | 1 | 0 |
_aIndia / _cpor Hermann Goetz ; [traducción de Gabriel Ferrater]. |
| 260 |
_aBarcelona : _bPraxis : _bSeix Barral, _cD. L. 1961. |
||
| 300 |
_a277 p. : _bil. ; _c24 cm. |
||
| 490 | 1 |
_aEl arte de los pueblos. Culturas no europeas ; _v9 |
|
| 594 | _aTít. original: Kunst der Welt Indien. | ||
| 599 | _aEn port. : "68 láminas en colores, 2 mapas" | ||
| 650 | 1 | 7 |
_aArte indio _2embne _9135615 |
| 700 | 0 |
_aFerrater, Gabriel. _950337 |
|
| 830 | 0 |
_aEl arte de los pueblos. Culturas no europeas ; _v9 _9189547 |
|
| 852 |
_aES-MaACL _jE-13351 _xOlim P-7 |
||
| 999 |
_c175177 _d175177 |
||